000 01460nam a2200373 a 4500
001 000109981
003 CHAP
005 20220329144111.0
008 140617s2014 mx sm |||||||spa d
010 _a106443
011 _a107415
040 _cCHAP
090 _aTesis
100 1 _aVilla Alcalá, Saúl
_9127454
245 1 0 _aAnálisis de factibilidad técnica y económica del proyecto de producción de lácteos en San Antonio de Rivas, La Barca, Jalisco
_h[En línea]
_cpor Saúl Villa Alcalá.
260 _aChapingo, Méx. :
_bEl autor,
_c2014.
500 _aPara ver el contenido del material haga clic en la liga
502 _aTesis (Ing. Agr. Esp. en Economía Agrícola) -- UACH. División de Ciencias Económico Administrativas
590 _aBATCH-UPD
_b10
_c20141002
_lUCH01
_h0904
590 _aE11695DGD
_b10
_c20140626
_lUCH01
_h1038
590 _aE6096MTM
_b05
_c20140617
_lUCH01
_h1055
590 _aE6096MTM
_b05
_c20140617
_lUCH01
_h1058
650 1 4 _aEstudios de factibilidad.
_938520
650 1 4 _aIndustrias agrícolas
_xJalisco.
_957954
650 1 4 _aLeche
_xSubproductos.
_965410
650 1 4 _aProductos lácteos
_xAspectos económicos.
_992126
650 1 4 _aProductos lácteos
_xMercadeo.
_992134
650 1 4 _aProductos lácteos
_xPrecios.
_992148
650 1 4 _aProyectos
_xFinanciamiento.
_992526
856 _aFinding aid
_uhttp://10.13.5.2/tesis/sist109981.pdf
_zTeclea aquí
901 _aBK
942 _cTESIS
942 _n0
999 _c106443
_d106443